Налоговое администрирование в РФ: сущность, принципы и основные проблемы; Вестник Томского государственного университета; № 329

Մատենագիտական մանրամասներ
Parent link:Вестник Томского государственного университета/ Национальный исследовательский Томский государственный университет (ТГУ).— , 1998-
№ 329.— 2009.— [С. 179-181]
Հիմնական հեղինակ: Куклина Т. В. Татьяна Валерьевна
Ամփոփում:Заглавие с экрана
Совершенствование налогового администрирования представляет собой одну из первоочередных задач налоговой политики РФ на современном этапе и на среднесрочную перспективу. Качество налогового администрирования определяет эффективность налоговой системы страны, ее фискальную отдачу. Сущность налогового администрирования еще не раскрыта в полном объеме. Множество точек зрения по поводу определения налогового администрирования и существующие противоречия при его осуществлении побуждают вновь возвращаться к данной теме.
Режим доступа: по договору с организацией-держателем ресурса
Լեզու:ռուսերեն
Հրապարակվել է: 2009
Խորագրեր:
Առցանց հասանելիություն:http://elibrary.ru/item.asp?id=13755603
http://journals.tsu.ru/vestnik/&journal_page=archive&id=842&article_id=14185
Ձևաչափ: MixedMaterials Էլեկտրոնային Գրքի գլուխ
KOHA link:https://koha.lib.tpu.ru/cgi-bin/koha/opac-detail.pl?biblionumber=638930

MARC

LEADER 00000naa0a2200000 4500
001 638930
005 20250211095141.0
035 |a (RuTPU)RU\TPU\network\3327 
035 |a RU\TPU\network\3303 
090 |a 638930 
100 |a 20150217d2009 k||y0rusy50 ca 
101 0 |a rus 
102 |a RU 
135 |a drcn ---uucaa 
181 0 |a i  
182 0 |a b 
200 1 |a Налоговое администрирование в РФ: сущность, принципы и основные проблемы  |d Tax administration in Russian Federation: definition, principles and main problems  |f Т. В. Куклина 
203 |a Текст  |c электронный 
300 |a Заглавие с экрана 
320 |a [Библиогр.: с. 181 (4 назв.)] 
330 |a Совершенствование налогового администрирования представляет собой одну из первоочередных задач налоговой политики РФ на современном этапе и на среднесрочную перспективу. Качество налогового администрирования определяет эффективность налоговой системы страны, ее фискальную отдачу. Сущность налогового администрирования еще не раскрыта в полном объеме. Множество точек зрения по поводу определения налогового администрирования и существующие противоречия при его осуществлении побуждают вновь возвращаться к данной теме. 
333 |a Режим доступа: по договору с организацией-держателем ресурса 
461 |t Вестник Томского государственного университета  |f Национальный исследовательский Томский государственный университет (ТГУ)  |d 1998- 
463 |t № 329  |v [С. 179-181]  |d 2009 
510 1 |a Tax administration in Russian Federation: definition, principles and main problems  |z eng 
610 1 |a электронный ресурс 
610 1 |a труды учёных ТПУ 
610 1 |a налоговое администрирование 
610 1 |a Российская Федерация 
610 1 |a налоговая политика 
610 1 |a принципы 
700 1 |a Куклина  |b Т. В.  |c специалист в области менеджмента  |c старший преподаватель Томского политехнического университета  |f 1985-  |g Татьяна Валерьевна  |3 (RuTPU)RU\TPU\pers\33579 
801 2 |a RU  |b 63413507  |c 20150217  |g RCR 
856 4 |u http://elibrary.ru/item.asp?id=13755603 
856 4 |u http://journals.tsu.ru/vestnik/&journal_page=archive&id=842&article_id=14185 
942 |c CF